[Event "NRW Class1 1516"]
[Site "Germany"]
[Date "2016.05.08"]
[Round "9.4"]
[White "Ortpaul, Mario"]
[Black "Mueller, Achim"]
[Result "0-1"]
[WhiteElo "1964"]
[BlackElo "2077"]
[PlyCount "102"]
[EventDate "2015.09.27"]
[EventType "team-tourn"]
[EventRounds "9"]
[EventCountry "GER"]
[SourceTitle "EXT 2017"]
[Source "ChessBase"]
[SourceDate "2016.10.25"]
[SourceVersion "1"]
[SourceVersionDate "2016.10.25"]
[SourceQuality "1"]
[WhiteTeam "Werther"]
[BlackTeam "Emsdetten Rochade"]
[WhiteTeamCountry "GER"]
[BlackTeamCountry "GER"]

1. Nf3 d6 2. d4 f5 3. c4 Nf6 4. g3 g6 5. Bg2 Bg7 6. Nc3 0-0 7. 0-0 Nc6 8. b3 e5 9. dxe5 dxe5 10. Bb2 e4 11. Ng5 h6 12. Nh3 Be6 13. Nf4 Bf7 14. Qxd8 Rfxd8 15. Rfd1 g5 16. Nh3 Ng4 17. Rxd8+ Rxd8 18. Rd1 Rxd1+ 19. Nxd1 Bxb2 20. Nxb2 Nb4 21. a4 Ne5 22. f3 exf3 23. exf3 Nec6 24. f4 g4 25. Nf2 Na5 26. Nfd3 Nxd3 27. Nxd3 Nxb3 28. Bxb7 Bxc4 29. Ne5 Be6 30. Nc6 Nc5 31. Nd4 Nxb7 32. Nxe6 c5 33. Kf2 Kf7 34. Nc7 Na5 35. Na6 c4 36. Ke3 Nc6 37. Kd2 Ke6 38. Kc3 Kd5 39. Nc7+ Kd6 40. Ne8+ Kc5 41. Ng7 Nd4 42. a5 Nb5+ 43. Kc2 Nd6 44. Kc3 Kb5 45. Kd4 Kxa5 46. Kd5 Kb4 47. Ne6 a5 48. Kxd6 a4 49. Kd5 a3 50. Nd4 a2 51. Ke5 Kc3 0-1

[Event "Nuremberg LGA Cup 9th"]
[Site "Nuremberg"]
[Date "2012.09.07"]
[Round "4"]
[White "Steinmueller, Alexander"]
[Black "Ortpaul, Mario"]
[Result "1-0"]
[WhiteElo "2068"]
[BlackElo "1947"]
[PlyCount "79"]
[EventDate "2012.09.06"]
[EventType "swiss"]
[EventRounds "7"]
[EventCountry "GER"]
[SourceTitle "CBM 150 Extra"]
[Source "ChessBase"]
[SourceDate "2012.10.19"]
[SourceVersion "1"]
[SourceVersionDate "2012.10.19"]
[SourceQuality "1"]

1. e4 d5 2. exd5 Qxd5 3. Nc3 Qd6 4. Bc4 Nf6 5. d3 g6 6. Nge2 c6 7. Bf4 e5 8. Bg5 Bg7 9. Ng3 h6 10. Be3 Nbd7 11. h4 Nc5 12. Qe2 Bg4 13. f3 Bd7 14. Qf2 Ne6 15. Bxa7 Qb4 16. Qb6 Nd4 17. 0-0-0 Qxb6 18. Bxb6 0-0 19. Rde1 Rfe8 20. a3 Be6 21. Bxe6 Nxe6 22. h5 c5 23. Nge4 Nd7 24. Nd5 Nxb6 25. Nxb6 Ra6 26. Nd7 Rc8 27. hxg6 fxg6 28. Nef6+ Kf7 29. Ng4 Kg8 30. Nxh6+ Bxh6+ 31. Rxh6 Kg7 32. Reh1 Nf8 33. Nxe5 b5 34. R6h4 Re6 35. Re4 Ra8 36. Kd2 Rd6 37. Rd1 Rc8 38. c3 Rb8 39. Ng4 Nh7 40. Re7+ 1-0

[Event "Nuremberg LGA Cup 8th"]
[Site "Nuremberg"]
[Date "2011.09.11"]
[Round "7"]
[White "Ortpaul, Mario"]
[Black "Martin Fernandez, Rodrigo"]
[Result "0-1"]
[WhiteElo "1914"]
[BlackElo "2080"]
[PlyCount "60"]
[EventDate "2011.09.08"]
[EventType "swiss"]
[EventRounds "7"]
[EventCountry "GER"]
[SourceTitle "CBM 144 Extra"]
[Source "ChessBase"]
[SourceDate "2011.10.28"]
[SourceVersion "1"]
[SourceVersionDate "2011.10.28"]
[SourceQuality "1"]

1. Nf3 d5 2. d4 Nf6 3. Bf4 e6 4. e3 c5 5. c3 Bd6 6. Bxd6 Qxd6 7. Nbd2 0-0 8. Bd3 Nbd7 9. 0-0 e5 10. dxe5 Nxe5 11. Nxe5 Qxe5 12. Nf3 Qc7 13. Qc2 Bg4 14. Ng5 g6 15. h3 Qe5 16. Nxh7 Kxh7 17. hxg4 Nxg4 18. g3 Kg7 19. Kg2 Rh8 20. Rh1 Qf6 21. Qe2 Ne5 22. Bc2 Rad8 23. Rad1 Qb6 24. Rxh8 Rxh8 25. f4 Nd7 26. f5 Nf6 27. fxg6 fxg6 28. Qd3 Ng4 29. Rf1 c4 30. Qe2 Rh2+ 0-1

[Event "Nuremberg LGA Cup 8th"]
[Site "Nuremberg"]
[Date "2011.09.10"]
[Round "4"]
[White "Arnold, Max"]
[Black "Ortpaul, Mario"]
[Result "1-0"]
[WhiteElo "2126"]
[BlackElo "1914"]
[PlyCount "45"]
[EventDate "2011.09.08"]
[EventType "swiss"]
[EventRounds "7"]
[EventCountry "GER"]
[SourceTitle "CBM 144 Extra"]
[Source "ChessBase"]
[SourceDate "2011.10.28"]
[SourceVersion "1"]
[SourceVersionDate "2011.10.28"]
[SourceQuality "1"]

1. e4 c5 2. Nf3 Nc6 3. Bb5 Nd4 4. Nxd4 cxd4 5. 0-0 a6 6. Ba4 b5 7. Bb3 Bb7 8. Re1 Nf6 9. d3 g6 10. c3 dxc3 11. Nxc3 d6 12. a4 b4 13. Nd5 Nxd5 14. exd5 Bg7 15. Bg5 f6 16. Bd2 a5 17. Qe2 Qd7 18. Rac1 Kf7 19. Qe6+ Ke8 20. Bc4 Qxe6 21. dxe6 f5 22. Bb5+ Kd8 23. Be3 1-0

[Event "Nuremberg LGA Cup 7th"]
[Site "Nuremberg"]
[Date "2010.09.05"]
[Round "6"]
[White "Fiedler, Wolfgang"]
[Black "Ortpaul, Mario"]
[Result "1-0"]
[WhiteElo "1997"]
[BlackElo "1911"]
[PlyCount "85"]
[EventDate "2010.09.02"]
[EventType "swiss"]
[EventRounds "7"]
[EventCountry "GER"]
[SourceTitle "CBM 138 Extra"]
[Source "ChessBase"]
[SourceDate "2010.10.29"]
[SourceVersion "1"]
[SourceVersionDate "2010.10.29"]
[SourceQuality "1"]

1. Nf3 Nf6 2. g3 g6 3. Bg2 Bg7 4. d3 c5 5. c4 Nc6 6. Nc3 0-0 7. 0-0 d6 8. h3 a6 9. Bd2 Rb8 10. a4 Qc7 11. Rc1 Be6 12. e4 Nd4 13. Nxd4 cxd4 14. Ne2 Qb6 15. b4 Bd7 16. f4 e5 17. g4 Ne8 18. f5 Kh8 19. b5 axb5 20. axb5 gxf5 21. exf5 f6 22. Ra1 Nc7 23. Ba5 Qc5 24. Nc1 Ne8 25. Nb3 Qc8 26. Bb4 Bh6 27. Bd2 Bxd2 28. Nxd2 Qc5 29. Ne4 Qb6 30. Qe1 d5 31. cxd5 Qxb5 32. Qg3 Qb6 33. Qh4 Qb5 34. Rad1 Rc8 35. Qh6 Rf7 36. g5 Rc2 37. gxf6 Qb3 38. Bf3 Nxf6 39. Nxf6 Rg7+ 40. Ng4 Bxf5 41. Rb1 Qa2 42. Rxb7 Rg8 43. Qf6+ 1-0

[Event "Nuremberg LGA Cup 7th"]
[Site "Nuremberg"]
[Date "2010.09.03"]
[Round "2"]
[White "Khanukov, Boris"]
[Black "Ortpaul, Mario"]
[Result "1-0"]
[WhiteElo "2361"]
[BlackElo "1958"]
[PlyCount "47"]
[EventDate "2010.09.02"]
[EventType "swiss"]
[EventRounds "7"]
[EventCountry "GER"]
[SourceTitle "CBM 138 Extra"]
[Source "ChessBase"]
[SourceDate "2010.10.29"]
[SourceVersion "1"]
[SourceVersionDate "2010.10.29"]
[SourceQuality "1"]

1. d4 Nf6 2. Nf3 e6 3. g3 b6 4. Bg2 Bb7 5. 0-0 Be7 6. c4 0-0 7. Qc2 d6 8. Nc3 Nbd7 9. Rd1 d5 10. Ne5 Rc8 11. cxd5 exd5 12. Qa4 c6 13. Qxa7 Qc7 14. Nxd7 Qxd7 15. Qxb6 Bd8 16. Qb3 Ba6 17. Qc2 Re8 18. Bf4 Nh5 19. Bc1 Ba5 20. e3 c5 21. dxc5 Rxc5 22. Rxd5 Rxd5 23. Nxd5 Rc8 24. Qd1 1-0

[Event "Nuremberg LGA Cup 6th"]
[Site "Nuremberg"]
[Date "2009.09.05"]
[Round "4"]
[White "Ortpaul, Mario"]
[Black "Krauss, Josef"]
[Result "1-0"]
[WhiteElo "1946"]
[BlackElo "2110"]
[PlyCount "139"]
[EventDate "2009.09.03"]
[EventType "swiss"]
[EventRounds "7"]
[EventCountry "GER"]
[SourceTitle "CBM 132 Extra"]
[Source "ChessBase"]
[SourceDate "2009.11.03"]
[SourceVersion "1"]
[SourceVersionDate "2009.11.03"]
[SourceQuality "1"]

1. c4 c6 2. Nf3 d5 3. e3 Nf6 4. Nc3 e6 5. b3 Bd6 6. Bb2 0-0 7. Qc2 Nbd7 8. d4 Re8 9. Bd3 e5 10. dxe5 Nxe5 11. Nxe5 Bxe5 12. cxd5 cxd5 13. 0-0-0 Be6 14. Qd2 Qe7 15. Kb1 a5 16. Na4 Bxb2 17. Qxb2 Ne4 18. Bxe4 dxe4 19. Qe5 Qh4 20. Qg3 Qf6 21. Rd4 b5 22. Nc5 b4 23. Rhd1 Rac8 24. Nxe6 Rxe6 25. Qc7 Rce8 26. R1d2 Qg5 27. g3 h6 28. h4 Qf5 29. Rd7 Qf6 30. Qxa5 Qc3 31. Rd8 g6 32. Qd5 Qc7 33. Rxe8+ Rxe8 34. Rc2 Qe7 35. Rc4 Rd8 36. Rxe4 Qc7 37. Qc4 Qa7 38. Rd4 Ra8 39. Qc2 Qb7 40. Qd2 Qe7 41. Qxb4 Qf6 42. Rf4 Qa6 43. Qd2 Qc6 44. Rc4 Qf6 45. Qc2 Qe6 46. Qe4 Qa6 47. a4 Rd8 48. Qc2 Qb7 49. e4 Qd7 50. b4 Qg4 51. Kc1 Qh3 52. Kb2 Kh7 53. Rc7 Qe6 54. Qc4 Qf6+ 55. Kb1 Rf8 56. f4 Kg8 57. b5 Qb6 58. Qc5 Qa5 59. Rc8 Qe1+ 60. Kb2 Qd2+ 61. Kb3 Qd3+ 62. Qc3 Qd1+ 63. Qc2 Qf3+ 64. Kb4 Qxg3 65. Rxf8+ Kxf8 66. Qc8+ Ke7 67. Qc7+ Ke8 68. b6 Qe1+ 69. Kb5 Qe2+ 70. Qc4 1-0

[Event "Nuremberg LGA Cup 6th"]
[Site "Nuremberg"]
[Date "2009.09.04"]
[Round "2"]
[White "Hirschberg, Valerian"]
[Black "Ortpaul, Mario"]
[Result "1-0"]
[WhiteElo "2099"]
[BlackElo "1946"]
[PlyCount "69"]
[EventDate "2009.09.03"]
[EventType "swiss"]
[EventRounds "7"]
[EventCountry "GER"]
[SourceTitle "CBM 132 Extra"]
[Source "ChessBase"]
[SourceDate "2009.11.03"]
[SourceVersion "1"]
[SourceVersionDate "2009.11.03"]
[SourceQuality "1"]

1. Nf3 d5 2. c4 d4 3. g3 g6 4. Bg2 Bg7 5. 0-0 Nf6 6. d3 0-0 7. b4 Re8 8. Nbd2 Na6 9. b5 Nc5 10. Nb3 Nxb3 11. Qxb3 e5 12. Nd2 a5 13. a4 Rb8 14. Bb2 Bd7 15. c5 Be6 16. Qc2 Nd5 17. Ba3 f5 18. Nc4 e4 19. Rae1 e3 20. fxe3 Nxe3 21. Nxe3 dxe3 22. Bb2 Bd5 23. Bxg7 Bxg2 24. Kxg2 Qd5+ 25. Kg1 Kxg7 26. Qc3+ Qe5 27. Qxa5 Ra8 28. Qb4 Red8 29. Qf4 Rd5 30. Rc1 Qxf4 31. Rxf4 Kf6 32. Rfc4 Ke5 33. Kg2 g5 34. Kf3 f4 35. gxf4+ 1-0